000 004960000a22001810004500
003 MACL
005 20160312163447.0
008 160312b xxu||||| |||| 00| 0 eng d
040 _aMACL
_cMACL
041 _aHindi
082 _a891.433
100 _aआरिगपूडि
_945548
245 _aकला-पोषक
260 _bसामयिक प्रकाशन
_c1980
_aनई दिल्‍ली
350 _a16
650 _aStories
_945549
942 _cHIN
_k891.433
_2ddc
999 _c27601
_d27601